02634cam a22003375a 45000010009000000050017000090080041000260100017000670200025000840400028001090820020001371000026001572450087001832600060002703000026003305000024003565040041003805050485004215200860009066500024017666500048017906510010018386530021018486500031018697000029019007000029019299420008019589990017019669520157019839520156021401815462720160727123739.0140516s2014 enk frb 001 0 eng d a 2014018689 a9781137299192 (pbk.) aDLCbengcDLCdEG-ScBUE04a341.48bWEB2221 aWeber, Leanne.94044310aCrime, justice and human rights /cLeanne Weber, Marinella Marmo, Elaine Fishwick. aBasingstoke ; aNew York : bPalgrave Macmillan,c2014. axvi, 246 p. ;c24 cm. aIndex : p. 239-246. aIncludes bibliographical references.8 aMachine generated contents note: -- PART I: UNDERSTANDING HUMAN RIGHTS 1. The Origins and Idea of Human Rights 2. International Human Rights Law 3. Human Rights and Civil Society 4. Collective Rights and Discrimination5. Integrating Criminology and Human Rights PART II: APPLYING HUMAN RIGHTS IN CRIMINOLOGY6. Criminal Law 7. Crime Prevention8. Policing 9. Criminal Courts 10. Detention11. Juvenile Justice12. Victims PART III: A CRIMINOLOGY FOR HUMAN RIGHTS13. Future Directions. a"Crime, Justice and Human Rights is an introduction to the philosophy, law and politics of human rights, uniquely tailored to criminologists and criminal justice practitioners. Integrating human rights and criminological frameworks across a range of subject areas - from criminalization and state crime, to crime prevention and critical analyses of the operation of the police, courts and penal system - the authors highlight both the potential and the limitations of human rights in informing new directions in criminology. Featuring case material from Europe, North America, Australia and beyond, this critical, multidisciplinary text supports the teaching of human rights across a wide range of criminological topics, and assists students, researchers and independent readers to incorporate human rights paradigms into their criminological analysis"-- 0aCriminology.2BUEsh 0aCriminal justice, Administration of.2BUEsh 2BUEsh bLLAAWWcJuly2016 7911033aHuman rights2BUEsh1 aMarmo, Marinella.9404441 aFishwick, Elaine.940445 2ddc c22028d22000 00102ddc40708BaccahaMAINbMAINc1STd2016-07-26ePurchaseg378.00h26080l8m13o341.48 WEBp000032986r2025-07-15 00:00:00s2024-04-16v472.50yBB 00102ddc40708BaccahaMAINbMAINc1STd2016-07-26ePurchaseg378.00h26080l2m9o341.48 WEBp000032987r2025-07-15 00:00:00s2022-03-01v472.50yBB